ბათუმის შოთა რუსთაველის სახელმწიფო უნივერსიტეტის ბიბლიოთეკა

არსენ ბულმაიმისძის ცხოვრება და შემოქმედება / (ბიბ.ჩანაწერი № 58050)

000 -ლიდერი
ფიქსირებული სიგრძის საკონტროლო ველი 01407nam a22002177a 4500
003 - საკონტროლო ნომრის იდენტიფიკატორი
საკონტროლო ველი Ge_BSU
005 - ბოლო ოპერაციის თარიღი და დრო
საკონტროლო ველი 20210527135901.0
008 - ფიქსირებული სიგრძის მონაცემთა ელემენტები - ზოგადი ინფორმაცია
ფიქსირებული სიგრძის საკონტროლო ველი 210527s2021 ge ||||| |||| 00| 0 geo d
041 ## - ენის კოდი
Language code of text/sound track or separate title geio
080 ## - უნივერსალური ათობითი კლასიფიკაციის ინდექსი
Universal Decimal Classification number 821.353.1.09 ზ-78
100 ## - მთავარი ჩანაწერი - პიროვნების სახელი
Personal name ზოიძე, დიანა
9 (RLIN) 11905
245 ## - ცნობა სათაურის შესახებ
Title არსენ ბულმაიმისძის ცხოვრება და შემოქმედება /
Statement of responsibility, etc დიანა ზოიძე, სამეცნიერო ხელმძღვანელი რამაზ ხალვაში; ბათუმის შოთა რუსთაველის სახელმწიფო უნივერსიტეტი.
264 ## - წარმოების, გამოცემის, დისტრიბუციის და სხვა ცნობები
გამოცემის, წარმოების, დისტრიბუციის... ადგილი ბათუმი,
გამოცემის, წარმოების, დისტრიბუციის... თარიღი 2012.
300 ## - ფიზიკური აღწერა
Extent 266 გვ.
Other physical details 30 სმ.
504 ## - BIBLIOGRAPHY, ETC. NOTE
Bibliography, etc ბიბლიოგრ. გვ. 116 -120
653 ## - INDEX TERM--UNCONTROLLED
Uncontrolled term არსენ ბულმაიმისძის ცხოვრება და შემოქმედება
653 ## - INDEX TERM--UNCONTROLLED
Uncontrolled term ფილოლოგია
700 ## - ADDED ENTRY--PERSONAL NAME
Personal name ხალვაში, რამაზ
Relator term სამეცნიერო ხელმძღვანელი
9 (RLIN) 2151
710 ## - ADDED ENTRY--CORPORATE NAME
Corporate name or jurisdiction name as entry element ბათუმის შოთა რუსთაველის სახელმწიფო უნივერსიტეტი
Subordinate unit ქართული ფილოლოგიის დეპარტამენტი
9 (RLIN) 4743
942 ## - ADDED ENTRY ELEMENTS (KOHA)
Source of classification or shelving scheme
Koha item type წიგნი
ეგზემპლარები
ჩამოწერის სტატუსი დაკარგული ეგზემპლარის სტატუსი კლასიფიკაციის წყარო ან თაროზე გაწყობის სქემა დაზიანების სტატუსი არ გაიცემა მუდმივი მდებარეობა (დაცვის ადგილი) ამჟამინდელი ადგილსამყოფელი შეძენის თარიღი სრული შენახვის შიფრი შტრიხკოდი ბოლო ოპერაციის თარიღი ეგზემპლარის მიმდევრობითი ნომერი (კეტერი?) ფასის ძალაში შესვლის თარიღი ეგზემპლარის სახეობა
        შიდა ფონდი ბათუმის შოთა რუსთაველის სახელმწიფო უნივერსიტეტის მთავარი ბიბლიოთეკა ბათუმის შოთა რუსთაველის სახელმწიფო უნივერსიტეტის მთავარი ბიბლიოთეკა 2021-05-27 821.353.1.09 ზ-78 358 დისერტ. 2021-05-27 358 2021-05-27 წიგნი